| 000 | 00398nam a22001217a 4500 | ||
|---|---|---|---|
| 999 |
_c9606 _d9606 |
||
| 003 | OSt | ||
| 008 | 201203b ||||| |||| 00| 0 eng d | ||
| 245 | _aIndian Journal of Engineering and Materials Sciences (IJEMS) | ||
| 250 | _a2016(Apr-Jun Vol.23 No.2-3, Aug Vol.23 No.4, Oct Vol.23 No.5, Dec Vol.23 No.6) | ||
| 260 |
_aNew Delhi _bCSIR-NISCAIR |
||
| 650 | _aMechanical Engineering | ||
| 942 |
_2ddc _cBV |
||